000 00420nam a2200157Ia 4500
008 100204s9999 xx 000 0 und d
082 _b27959
100 _a"बर्वे राजेंद्र्र , बर्वे ललिता"
245 _aफुलोरा
250 _a0
260 _c2007
300 _a204
630 _aफुलोरा
730 _aफुलोरा
942 _cBOOK
999 _c473139
_d473136